000
00195 a2200085 4500
001
59802
090
_c
36649
_d
36649
245
_a
Waqiat Anbya, Sahaba Aur Auliya
260
_a
Lahore
_b
Gohar Publications
_c
2008
942
_a
NUST-CAE
999
_c
294875
_d
294875